Statistics for NFL - 2023-2024 Cowboys Roster

Click here to take the quiz!

General Stats

  • This quiz has been taken 118 times
  • The average score is 15 of 25

Answer Stats

HintAnswer% Correct
QBDak Prescott
100%
WRCeedee Lamb
98%
RBTony Pollard
98%
DEMicah Parsons
89%
TEJake Ferguson
83%
WRMichael Gallup
81%
CBTrevon Diggs
81%
WRBrandin Cooks
80%
RGZack Martin
79%
LGTyler Smith
75%
CBDaRon Bland
74%
LTTyron Smith
74%
KBrandon Aubrey
70%
DEDemarcus Lawrence
68%
LBLeighton VanderEsch
57%
PBryan Anger
48%
CTyler Biadasz
48%
RTTerence Steele
43%
SSDonovan Wilson
27%
FSJayron Kearse
27%
DTOsa Odighizuwa
26%
MLBDamone Clark
25%
FBHunter Luepke
25%
NBJourdan Lewis
16%
DTJohnathan Hankins
15%

Score Distribution

Percentile by Number Answered

Percent of People with Each Score

Your Score History

You have not taken this quiz